000 00917nam a22003257a 4500
001 0002881
003 KOHA_MİRAKIL
005 20260207001323.0
007 ta
008 110309b2000 tu |||gr||||#||||0|tur |
020 _a9755911782
040 _aTR-BiSEU
_btur
_cTR-BiSEU
_erda
041 0 _atur
044 _ctu
050 _aQC665
_b.G87 2000
100 1 _aGürdal, Osman.
245 1 _aElektromanyetik alan teorisi/
_cOsman Gürdal ; Osman Gürdal.
264 1 _aAnkara :
_bNobel
_c2000
300 _aVIII, 464 sayfa
336 _ametin
_btxt
_2rdacontent
337 _aaracısız
_bn
_2rdamedia
338 _acilt
_bnc
_2rdacarrier
490 1 _aYayın No ;
_v199
500 _aKaynakça ve dizin var.
650 0 _aElektromanyetik alanlar.
_92314
650 0 _aElektromanyetik teori.
_92313
650 0 _aElectromagnetic fields.
_92706
830 1 _aYayın No ;
_v199
_91861
942 _2lcc
_cBK
999 _c2868
_d2868